Fifty-fourth Annual Report: 1st april 1983- 31st march 1984 /

Spremljeno u:
Bibliografski detalji
Autori kompanije: Bank for International Settlements, BASLE
Format: Tekst
Izdano: s.l.: BASLE
Oznake: Dodaj oznaku
Bez oznaka, Budi prvi tko označuje ovaj zapis!

MARC

LEADER 00000 a a2200000 04500
001 25387
003
040
090 |a 181600  
110 |a Bank for International Settlements  
245 |a Fifty-fourth Annual Report: 1st april 1983- 31st march 1984 /  |c Bank for International Settlements  
260 |a s.l.:   |b BASLE  
300 |a 166 p   |b **no definido**   |b fonodiscos  
710 |a BASLE  
999 |c 11583  |d 11583